000 00468cam a2200181ua 4500
020 _c6.00
041 _aeng
_h
082 _a531.382
_bBOR/TH
100 _aBorodich, Filonenko.M .
245 _aTheory of elasticity /
_cM.Filonenko Borodich.
_hTextual Documents
250 _a1 /
_b.
260 _aMoscow :
_bForeign Language Publishing House ,
_c1979.
300 _a378 :
_b` ; .
365 _a6.00
504 _a
942 _cBK
999 _c1780
_d1780